000 00624nab a2200181 4500
001 244442
003 OSt
005 20240625084204.0
007 tu
008 200917s2020|||||||
040 _aDE-2950
_cDE-2950
245 0 0 _aKriegt Frankfurt bald einen Cannabis-Club?
_bLegalisierung. Noch müssen einige Hindernisse aus dem Weg geräumt werden, bevor der erste Verein in der Oderstadt Marihuana abgeben kann/
_cLeonard Palm
264 _c2024
653 _aFrankfurt (Oder)
653 _aCannabis-Club
773 0 _g35. Jahrgang (2024) Nr. 129 vom 05.06.2024, S. 13 mit Foto
_tMärkische Oderzeitung
942 _2z
_cA
999 _c373196
_d373196